1780 1891 1505 1417 1952 1027 1885 1879 1252 1613 1852 1045 1666 1276 1704 1158 1216 1472 1013 1620 1436 1518 1874 1777 1653 1595 1737 1773 1556 1589 1626 1742 1797 1564 1104 1775 1832 1862 1689 1831 1028 1847 1066 1167 1668 1882 1505 1136 1839 1112 1885 1484 1179 1421 1986 1210 1677 1779 1675 1366 1704 1637 1872 1510 1474 1654 1510 1073 1485 1558 1746 1484 1825 1165 1209 1843 1779 1121 1252 1361 1254 1084 1154 1453 1653 1109 1778 1821 1856 1101 1518 1977 1423 1948 1729 1402 1325 1746 1646 BCNSPRNW ULIB Ver.6.0+V

เปลี่ยนเป็นภาษาไทย

Change to English
 แสดงรายละเอียดบรรณานุกรม
  กลับหน้าหลัก

Brief Record : Get Marc (ISO 2709) : E-mail record : QR code < ปิดหน้าต่าง
LEADER : 00000nam 2200000uu 4500
001    13399113061
003     ULIB
008    110922s2549||||th 000 0 tha d
020    9789749330982
050 04 PE1130^bช485ส 2549
100 0  ชาญชัย บุญเฮ้า
245 10 สูตรสำเร็จการพูดภาษาอังกฤษ = Amazing conversation /^cชาญชัย บุญเฮ้า ผู้เรียบเรียง
246 31 Amazing conversation
260    กรุงเทพฯ :^bบี.อี.ซี.,^c2549
300    297 หน้า
650  7 ภาษาอังกฤษ^xตำราสำหรับชนต่างชาติ
650  7 ภาษาอังกฤษ^xบทสนทนาและวลี
945    ^p200^l0^i020582
995    ทศพร
999 ^a ทศพร
รายการนี้ยังไม่มีแท็ก
คุณยังไม่ได้ล็อกอิน คุณสามารถมีกิจกรรมร่วมกับเว็บไซต์ได้ แต่ต้องล็อกอินก่อน ::
  ล็อกอิน

รายการสื่อสารสนเทศ

ลำดับที่ ประเภท เลขเรียก/บาร์โค้ด สถานที่ สถานะ
- ไม่พบข้อมูล -

รายการใกล้เคียง
    ผู้แต่ง [ชาญชัย บุญเฮ้า]

BibComment


ยังไม่เคยถูกคอมเมนท์

คอมเมนท์ทรัพยากรรายการนี้
  คอมเมนท์: สูตรสำเร็จการพูดภ..


 Copyright 2026. Bcnsprnw @Library